| 000 | 00793nam a22001817a 4500 | ||
|---|---|---|---|
| 008 | 130228t xxu||||| |||| 00| 0 eng d | ||
| 020 | _a9-7814-0571-8813 | ||
| 082 |
_222 ed. _a348.42 _bALL |
||
| 100 |
_aEdited by Herring, Wendy _96935 |
||
| 245 |
_aThe All England Law Reports : consolidated Index, 1936-2011 Vol.3 / _cEdited by Wendy Herring |
||
| 260 |
_aUK : _bLexisNexis _c2011 |
||
| 300 |
_a1401 P. ; _c25 cm. |
||
| 650 |
_a ALL ER consolidated Index, 1936-2011 Vol.3 _96941 |
||
| 650 |
_aAll England Law Reports _96942 |
||
| 650 |
_aThe All England Law Reports : consolidated Index, 1936-2011 Vol.3 _96943 |
||
| 942 |
_2ddc _cLRT |
||
| 999 |
_c5279 _d5279 |
||